| 000 | 01214pam a2200301 a 4500 | ||
|---|---|---|---|
| 999 |
_c332198 _d332198 |
||
| 001 | 2525673 | ||
| 003 | NUST | ||
| 005 | 20171117114023.0 | ||
| 008 | 931126s1994 nyua b 001 0 eng | ||
| 010 | _a 93046011 | ||
| 020 | _a0824791614 (alk. paper) | ||
| 040 |
_aDLC _cDLC _dDLC |
||
| 050 | 0 | 0 |
_aTD191.5 _b.P76 1994 |
| 082 | 0 | 0 |
_a628.5 DON _220 |
| 245 | 0 | 0 |
_aProcess engineering for pollution control and waste minimization / _cEdited by Donald L. Wise, Debra J. Trantolo. |
| 260 |
_aNew York : _bM. Dekker, _cc1994. |
||
| 300 |
_ax, 730 p. : _bill. ; _c27 cm. |
||
| 440 | 0 |
_aEnvironmental science and pollution control series ; _v7 _96506 |
|
| 500 | _aH.B | ||
| 504 | _aIncludes bibliographical references and index. | ||
| 650 | 0 |
_aPollution. _92629 |
|
| 650 | 0 |
_aWaste minimization. _96410 |
|
| 700 | 1 |
_aWise, Donald L. _q(Donald Lee), _d1937- _96507 |
|
| 700 | 1 |
_aTrantolo, Debra J. _96508 |
|
| 856 | 4 | 2 |
_3Publisher description _uhttp://www.loc.gov/catdir/enhancements/fy0647/93046011-d.html |
| 906 |
_a7 _bcbc _corignew _d1 _eocip _f19 _gy-gencatlg |
||
| 942 |
_2ddc _cBK _kIESE |
||